[Event "GER-ch U10"]
[Site "Willingen"]
[Date "2023.05.30"]
[Round "5"]
[White "Bremermann, Jakow"]
[Black "Koenig, Lian"]
[Result "0-1"]
[WhiteElo "787"]
[BlackElo "924"]
[PlyCount "132"]
[EventDate "2023.05.27"]
[EventType "swiss"]
[EventRounds "11"]
[EventCountry "GER"]
[SourceTitle "CBM 214 Extra"]
[Source "ChessBase"]
[SourceDate "2023.07.31"]
[SourceVersion "1"]
[SourceVersionDate "2023.07.31"]
[SourceQuality "1"]

1. e4 e5 2. Nf3 Nc6 3. Nc3 Nf6 4. Bb5 d6 5. Bxc6+ bxc6 6. d3 h6 7. h3 Be7 8. Be3 Be6 9. g4 d5 10. Nxe5 Qd6 11. Bf4 Qb4 12. Rb1 Bd7 13. Nxd7 Kxd7 14. a3 Qa5 15. e5 Nh7 16. b4 Qxa3 17. Rb3 Qa6 18. Be3 Qb7 19. Bd4 Bxb4 20. Ke2 a5 21. Na4 Qc8 22. c3 Be7 23. c4 Rb8 24. Rxb8 Qxb8 25. cxd5 cxd5 26. e6+ Kxe6 27. Bxg7 Rg8 28. Bxh6 Bg5 29. Bxg5 Rxg5 30. Kf3 Re5 31. Re1 c6 32. Rxe5+ Qxe5 33. Kg2 Qd4 34. f3 c5 35. Qe2+ Kf6 36. Qb2 Qxb2+ 37. Nxb2 Ke5 38. Kf2 Kd4 39. Ke2 c4 40. dxc4 dxc4 41. h4 c3 42. Nd3 a4 43. Nb4 Kc4 44. Nc2 Kb3 45. Kd3 Nf6 46. g5 Nh5 47. g6 fxg6 48. Nd4+ Kb2 49. Nc2 Nf4+ 50. Ke3 Kxc2 51. Kxf4 Kd1 52. Kg5 c2 53. Kxg6 c1Q 54. h5 Qc6+ 55. Kg5 a3 56. h6 Qxh6+ 57. Kxh6 a2 58. f4 a1Q 59. Kg5 Qg7+ 60. Kf5 Ke2 61. Ke4 Qe7+ 62. Kf5 Kf3 63. Kg6 Kxf4 64. Kh6 Qg5+ 65. Kh7 Kf5 66. Kh8 Kf6 0-1

[Event "GER-ch U10"]
[Site "Willingen"]
[Date "2023.05.29"]
[Round "4"]
[White "Koenig, Lian"]
[Black "Rusch, Levi Adrian"]
[Result "1/2-1/2"]
[WhiteElo "924"]
[BlackElo "1151"]
[PlyCount "66"]
[EventDate "2023.05.27"]
[EventType "swiss"]
[EventRounds "11"]
[EventCountry "GER"]
[SourceTitle "CBM 214 Extra"]
[Source "ChessBase"]
[SourceDate "2023.07.31"]
[SourceVersion "1"]
[SourceVersionDate "2023.07.31"]
[SourceQuality "1"]

1. e4 e6 2. d4 d5 3. e5 c5 4. c3 Nc6 5. a3 Qb6 6. b4 cxd4 7. cxd4 Qxd4 8. Qxd4 Nxd4 9. Kd1 Bd7 10. Nc3 Rc8 11. Be3 Nb3 12. Rb1 Rxc3 13. Ne2 Rc8 14. Rxb3 Ba4 15. Nc1 Nh6 16. Kd2 Bxb3 17. Nxb3 b6 18. Ba6 Rc7 19. Bb5+ Ke7 20. Bg5+ f6 21. Bf4 Rc8 22. Ba6 Rd8 23. Nd4 Kf7 24. Rc1 Be7 25. Rc7 Nf5 26. Nc6 Rde8 27. g4 Nh4 28. exf6 gxf6 29. Bd6 Ng6 30. h4 h5 31. Bd3 hxg4 32. Bxg6+ Kxg6 33. Nxe7+ Kh5 1/2-1/2

[Event "GER-ch U10"]
[Site "Willingen"]
[Date "2023.05.28"]
[Round "2"]
[White "Burban, Bogdan"]
[Black "Koenig, Lian"]
[Result "1-0"]
[WhiteElo "1300"]
[BlackElo "924"]
[PlyCount "50"]
[EventDate "2023.05.27"]
[EventType "swiss"]
[EventRounds "11"]
[EventCountry "GER"]
[SourceTitle "CBM 214 Extra"]
[Source "ChessBase"]
[SourceDate "2023.07.31"]
[SourceVersion "1"]
[SourceVersionDate "2023.07.31"]
[SourceQuality "1"]

1. d4 d5 2. c4 e6 3. Nc3 Nf6 4. cxd5 exd5 5. Bg5 c6 6. e3 Be7 7. Bd3 h6 8. Bh4 0-0 9. Nf3 Bg4 10. 0-0 Nbd7 11. h3 Bxf3 12. Qxf3 Qc7 13. Rac1 Qb6 14. Rfd1 Qxb2 15. Qf5 Rfe8 16. e4 dxe4 17. Nxe4 Qxd4 18. Nxf6+ Nxf6 19. Bxf6 Bxf6 20. Qh7+ Kf8 21. Qh8+ Ke7 22. Re1+ Be5 23. Qxg7 Kd6 24. Qxh6+ Kc7 25. Qh7 Qxd3 1-0

[Event "GER-ch U10"]
[Site "Willingen"]
[Date "2023.05.28"]
[Round "1"]
[White "Koenig, Lian"]
[Black "Retzlaff, Nick"]
[Result "0-1"]
[WhiteElo "924"]
[BlackElo "1523"]
[PlyCount "44"]
[EventDate "2023.05.27"]
[EventType "swiss"]
[EventRounds "11"]
[EventCountry "GER"]
[SourceTitle "CBM 214 Extra"]
[Source "ChessBase"]
[SourceDate "2023.07.31"]
[SourceVersion "1"]
[SourceVersionDate "2023.07.31"]
[SourceQuality "1"]

1. e4 e5 2. Nf3 Nc6 3. Bc4 Bc5 4. 0-0 Nf6 5. d3 h6 6. h3 d6 7. Be3 Bb6 8. c3 0-0 9. Nbd2 d5 10. exd5 Nxd5 11. Bxb6 Nxb6 12. Bb3 Qxd3 13. Re1 Re8 14. Re3 Qg6 15. Ne1 Bf5 16. Bc2 Nd5 17. Rg3 Bxc2 18. Qxc2 Qxc2 19. Nxc2 Rad8 20. Rd1 Nf4 21. Re3 Rd6 22. Ree1 Red8 0-1